000 01277nam a2200397 i 4500
001 0087669
003 DO-SdBPM
005 20260305101123.0
007 ta
008 901120s2003 ck spa
020 _a9580445303
035 _a
040 _aDO-SdBPM
_bspa
_cBPMSU
_erda
080 0 _a
080 0 _a
082 4 _a869.3
_bM149e 2003
_222
100 1 _aMachado, Ana María,
_d1941-
_eautora
_4aut.
245 1 0 _aEso no me lo quita nadie /
_c Ana María Machado, ilustraciones de Alejandro Ortiz ; traducción de Juan Fernando Esguerra.
_h
_b
250 _a
264 _aBogotá, Colombia :
_bEditora Norma,
_c2003
300 _a151 páginas :
_bilustraciones,
_c20 cm.
336 _atexto
_btxt
_2rdacontent
337 _asin mediación
_bn
_2rdamedia
338 _avolumen
_bnc
_2rdacarrier
490 0 _aTorre de papel,
_v1
500 _aPara niños a partir de los 7 años.
505 0 _a
590 _aInventariado, 2025/VM
650 7 _aCuentos juveniles brasileños.
650 7 _aLiteratura juvenil brasileña
650 7 _aAmor
_vCuentos juveniles.
700 1 _aEsguerra, Fernando,
_etraductor
_d
700 1 _a Ortiz, Alejandro,
_e ilustrador
_d
910 _aVMateo V. Control de calidad. BPMSU
942 _2ddc
_cBK
999 _c9247
_d9247